000 00696nam a2200205Ia 4500
003 GCL
008 140319s9999 xx 000 0 ara d
040 _aGCL /
_cGCL
082 0 4 _a928.1566
_bا ر
100 1 _aامية حمدان حمدان
245 1 0 _aالرمزية والرومانتيكية فى الشعر اللبنانى /
_cامية حمدان حمدان
300 _a191 ص
490 _aسلسلة دراسات
_v0
650 0 4 _aالشعر العربى
650 0 4 _aالادب العربى
650 0 4 _aالرمزية فى الادب العربى
650 0 4 _aالرومانتيكية فى الادب
650 0 4 _aالادباء اليونانيون
942 _2ddc
_cBK
999 _c41125
_d41125